000 00723nam a2200229Ii 4500
003 JO-AjNU
008 230605s9999||||xx |||||||||||||| ||und||
017 _a2004/16365
020 _a977-04-4556-8
040 _aJO-AjNU
_bara
_erda
_cJO-AjNU
041 _aara
050 1 4 _aKRM3946.W39.2006
100 3 _a وزير، عبد العظيم مرسى ,
_eauthor
_932473
245 0 0 _aشرح قانون العقوبات : القسم العام
250 _aط4
264 3 1 _aالقاهرة : دار النهضة العربية ، 2006
300 _a705ص
336 _atext
_btxt
_2rdacontent
337 _aunmediated
_bn
_2rdamedia
338 _avolume
_bnc
_2rdacarrier
650 4 _aقانون عقوبات
_932474
999 _aA13114
_c16682
_d16682